تاريخ العراق القديم حتى نهاية الألف الثالث ق.م

محفوظ في:

المؤلف الرئيسي: محمد عبد اللطيف محمد على.

التنسيق: كتاب

اللغة: Undetermined

منشور في: Alexandria matbaeat karmuz 1977

الوسوم: إضافة وسم

لا توجد وسوم, كن أول من يضع وسما على هذه التسجيلة!

رقم الطلب: H80 ALI

LEADER 00439nam a2200121Ia 4500
008 240404s9999||||xx |||||||||||||| ||und||
050 4 |a H80 ALI 
100 1 |a محمد عبد اللطيف محمد على. 
245 1 0 |a تاريخ العراق القديم حتى نهاية الألف الثالث ق.م  |c محمد عبد اللطيف محمد على 
264 1 |a Alexandria  |b matbaeat karmuz  |c 1977 
300 |a 359  |c 24 
942 |2 lcc  |c BK 
999 |c 58154  |d 58154